El arte y la actividad creadora (Registro nro. 12051)

000 -CABECERA
campo de control de longitud fija 00673nab a2200289Ia 4500
001 - NÚMERO DE CONTROL
campo de control 219
008 - DATOS DE LONGITUD FIJA--INFORMACIÓN GENERAL
campo de control de longitud fija 191123s9999 xx 000 0 und d
041 ## - CÓDIGO DE LENGUA
Código de lengua del texto/banda sonora o título independiente spa
044 ## - CÓDIGO DEL PAÍS DE LA ENTIDAD EDITORA/PRODUCTORA
Código MARC del país ag
100 ## - ENTRADA PRINCIPAL--NOMBRE DE PERSONA
Nombre de persona Brizzi, Ary,
245 #0 - MENCIÓN DE TÍTULO
Título El arte y la actividad creadora
260 ## - PUBLICACIÓN, DISTRIBUCIÓN, ETC.
Lugar de publicación, distribución, etc. Buenos Aires :
Nombre del editor, distribuidor, etc. Academia nacional de bellas artes,
Fecha de publicación, distribución, etc. 1978.
300 ## - DESCRIPCIÓN FÍSICA
Extensión pp. 20-22
490 #0 - MENCIÓN DE SERIE
Mención de serie Anuario
650 ## - PUNTO DE ACCESO ADICIONAL DE MATERIA--TÉRMINO DE MATERIA
Término de materia o nombre geográfico como elemento de entrada ACTIVIDAD CREADORA
650 ## - PUNTO DE ACCESO ADICIONAL DE MATERIA--TÉRMINO DE MATERIA
Término de materia o nombre geográfico como elemento de entrada ARTE
650 ## - PUNTO DE ACCESO ADICIONAL DE MATERIA--TÉRMINO DE MATERIA
Término de materia o nombre geográfico como elemento de entrada CREACION ARTISTICA
710 ## - PUNTO DE ACCESO ADICIONAL--NOMBRE DE ENTIDAD CORPORATIVA
Nombre de entidad corporativa o nombre de jurisdicción como elemento de entrada Academia nacional de bellas artes
902 ## - ELEMENTOS DE DATOS B LOCAL, LDB (RLIN)
a S
903 ## - ELEMENTOS DE DATOS C LOCAL, LDC (RLIN)
a a
904 ## - ELEMENTOS DE DATOS D LOCAL, LDD (RLIN)
a as
907 ## - ELEMENTOS DE DATOS G LOCAL, LDG (RLIN)
a Impreso
912 ## -
-- 1978
920 ## -
-- n. 6
942 ## - ELEMENTOS DE PUNTO DE ACCESO ADICIONAL (KOHA)
Tipo de ítem Koha Analítica

No hay ítems disponibles.

Con tecnología Koha